zpět

Detail výsledku týmu

Bartolomějka, Kolín

Datum a čas kvízu

36.5 Celkem bodů Celkový počet nahraných bodů na tomto kvízu bez doplňovacích otázek.
2. Pořadí na kvízu Konečné umístění týmu na tomto kvízu.

Zaznamenané odpovědi

# Otázka Odpověď Body Výsledky
1. Bývalý fotbalista Tomáš Řepka... 2,5 roku 1
2. Bílý dům chtěl po americkém ná... John McCain 1
3. V úterý byly před zlínským Vel... Helena Vondráčková, Jan Hrušínský 0
4. V úterý byl vyhlášen v České r... Den daňové svobody 0
5. Fotbalový klub z Birminghamu s... Aston Villa 0
6. Začneme složením vzduchu. Že j... 1D 2B 3C 4A 0
7. Nedaleko jednoho středočeského... Čáslav 1
8. Že má tento přístroj něco spol... anemometr 0
9. Na obrázku vidíme meteorologic... izobary 1
10. Jak se nazývá dýchací systém n... vzdušnice 0